|
|
|
|
| LEADER |
00903cam a2200229 a 4500 |
| 001 |
c000266473 |
| 003 |
CARM |
| 005 |
20070807144711.0 |
| 008 |
840601s1960 enk 000 1 eng d |
| 019 |
1 |
|
|a 3194142
|5 LACONCORD2021
|
| 035 |
|
|
|a (OCoLC)220193796
|5 LACONCORD2021
|
| 040 |
|
|
|a SFED:AD
|b eng
|c SFED:AD
|d ANL
|d VCAV
|
| 082 |
0 |
4 |
|a 813
|2 22
|
| 100 |
1 |
|
|a Gallico, Paul,
|d 1897-1976.
|
| 245 |
1 |
0 |
|a Mrs Harris goes to New York /
|c Paul Gallico.
|
| 260 |
|
|
|a Harmondsworth, Middlesex :
|b Penguin in association with Michael Joseph,
|c 1960.
|
| 300 |
|
|
|a 167 p. ;
|c 18 cm.
|
| 440 |
|
0 |
|a Penguin books ;
|v 1943
|
| 500 |
|
|
|a Published in Great Britain by Michael Joseph, 1960.
|
| 852 |
8 |
|
|b CARM
|h A1:AO10A0
|i A04573
|p 0384511
|f BK
|
| 999 |
f |
f |
|i 39298e00-5ec4-534b-b530-0e7c01be0e81
|s 64caf241-af82-55ae-b4b4-7fa8ee6b1186
|
| 952 |
f |
f |
|p Can circulate
|a CAVAL
|b CAVAL
|c CAVAL
|d CARM 1 Store
|e A04573
|f A1:AO10A0
|h Other scheme
|i book
|m 0384511
|